1936 1369 1643 1109 1184 1781 1291 1142 1678 1271 1374 1996 1856 1348 1661 1950 1059 1717 1526 1620 1646 1884 1992 1520 1414 1547 1497 1286 1589 1745 1407 1847 1012 1169 1389 1250 1191 1972 1160 1853 1281 1362 1943 1131 1283 1781 1571 1156 1190 1123 1116 1613 1507 1492 1075 1241 1744 1135 1251 1217 1144 1224 1626 1300 1708 1394 1796 1132 1592 1971 1969 1023 1815 1399 1427 1600 1616 1286 1206 1057 1009 1738 1459 1109 1494 1718 1290 1175 1901 1170 1191 1899 1596 1048 1772 1715 1557 1587 1323 BCNSPRNW ULIB Ver.6.0+V

เปลี่ยนเป็นภาษาไทย

Change to English
 แสดงรายละเอียดบรรณานุกรม
  กลับหน้าหลัก

Brief Record : Get Marc (ISO 2709) : E-mail record : QR code < ปิดหน้าต่าง
LEADER : 00000nas 2200000uu 4500
001    13399114171
003     ULIB
008    120228s||||||||th 000 0 tha d
022    ^a08586101
110    ^aโรงพยาบาลศรีธัญญา
245    ^aวารสารโรงพยาบาลศรีธัญญา(วิทยาเขตนครสวรรค์)/^cโรงพยาบาลศรีธัญญา
260    ^aนนทบุรี :^bโรงพยาบาลศรีธัญญา,^cม.ป.ป.
310    ^aรายเดือน
850 ^a ULIB:campus^bปีที่ 14 ฉบับที่ 1 ;ปีที่ 15 ฉบับที่ 1 ฉ.1 ;ปีที่ 16 ฉบับที่ 1 ฉ.1
945    ^p0^l0^i800067
945    ^p0^l0^i800881
945    ^p0^l0^i801252
945    ^p0^l0^i801795
999 ^a ใช้งานได้ทุกระบบ
รายการนี้ยังไม่มีแท็ก
คุณยังไม่ได้ล็อกอิน คุณสามารถมีกิจกรรมร่วมกับเว็บไซต์ได้ แต่ต้องล็อกอินก่อน ::
  ล็อกอิน

รายการสื่อสารสนเทศ (วารสาร)

ดูแบบ: กล่อง รายการ
ARRIVED
no call number
สถานที่: ห้องสมุดวิทยาเขตสวรรค์ประชารักษ์ >วารสาร
ARRIVED
ปีที่ 14 ฉบับที่ 1
สถานที่: ห้องสมุดวิทยาเขตนครสวรรค์ >วารสาร
ARRIVED
ปีที่ 15 ฉบับที่ 1 ฉ.1
สถานที่: ห้องสมุดวิทยาเขตนครสวรรค์ >วารสาร
ARRIVED
ปีที่ 16 ฉบับที่ 1 ฉ.1
สถานที่: ห้องสมุดวิทยาเขตนครสวรรค์ >วารสาร

BibComment


ยังไม่เคยถูกคอมเมนท์

คอมเมนท์ทรัพยากรรายการนี้
  คอมเมนท์: วารสารโรงพยาบาลศ..


 Copyright 2026. Bcnsprnw @Library